| 000 | 00747cam a22002533a 4500 | ||
|---|---|---|---|
| 001 | 24031 | ||
| 003 | PGUSA | ||
| 005 | 20140828083519.0 | ||
| 008 | 071225s2007||||xxu|||||s|||||000 | eng d | ||
| 040 |
_aPGUSA _beng |
||
| 042 | _adc | ||
| 050 | 4 | _aPQ | |
| 100 | 1 |
_aZamacois, Eduardo, _d1873-1971 |
|
| 245 | 1 | 0 |
_aEl teatro por dentro : _bAutores, comediantes, escenas de la vida de bastidores, etc. _h[electronic resource] / _cEduardo Zamacois |
| 260 |
_bProject Gutenberg, _c2007 |
||
| 506 | _aPublic domain in the USA. | ||
| 516 | _aElectronic text | ||
| 653 | _aTheater -- History | ||
| 653 | _aDramatists | ||
| 653 | _aActresses | ||
| 830 | 0 |
_aProject Gutenberg _v24031 |
|
| 856 | 4 | 0 | _uhttp://www.gutenberg.org/ebooks/24031 |
| 942 | _cEB | ||
| 999 |
_c253286 _d253286 |
||